Essential relativity : special, general, and cosmological /

Guardado en:
Autor Principal: Rindler, Wolfgang, 1924-
Formato: Libro
Idioma:English
Publicado: New York : Springer-Verlag, c1977.
Edición:2nd ed.
Series:Texts and monographs in physics
Materias:
Etiquetas: Agregar Etiqueta
Sin Etiquetas, Sea el primero en etiquetar este registro!
LEADER 00712pam a2200217 a 4500
001 MAT.inmabb005959
008 760802s1977####nyua#####b####001#0#eng##
005 20110518165818.0
245 1 0 |a Essential relativity :  |b special, general, and cosmological /  |c Wolfgang Rindler. 
250 |a 2nd ed. 
260 |a New York :  |b Springer-Verlag,  |c c1977. 
300 |a xiv, 284 p. :  |b il. ;  |c 24 cm. 
490 0 |a Texts and monographs in physics 
504 |a Incluye referencias bibliográficas e índice. 
020 |a 038707970X 
100 1 |a Rindler, Wolfgang,  |d 1924- 
650 0 |a Relativity (Physics) 
084 |a 83-01  |2 msc2000 
010 |a  76028816  
040 |a DLC  |c DLC  |d DLC 
859 |h 83  |i R579  |p A-5125  |b BIB. MATEMATICA